| 000 | 00354nam a2200133Ia 4500 | ||
|---|---|---|---|
| 005 | 20260328104323.0 | ||
| 008 | 260328s9999||||xx |||||||||||||| ||und|| | ||
| 100 | _aLloyd Wright, Iovanna | ||
| 245 | 0 |
_aFrank Lloyd Wright : _b Architecture / _cIovanna Lloyd Wright |
|
| 260 | _bDoubleday | ||
| 300 | _a128 p. | ||
| 650 | _aFRAN LLOYD WRIGHT | ||
| 942 | _cBK | ||
| 999 |
_c11431 _d11431 |
||